| 000 | 01073cam a22002174a 4500 | ||
|---|---|---|---|
| 005 | 20250605164137.0 | ||
| 008 | 250528s ||||||||||||||||||||||||d | ||
| 035 | _a18808 | ||
| 020 | _a78176050 | ||
| 040 |
_aGR-AtMCL _bgre _dGR-AtMCL _eAACR2 |
||
| 245 | 1 | _aPrinciples of Insurance | |
| 250 | _a5th | ||
| 260 |
_bRichard D. Irwin, Inc, _c1972 |
||
| 300 | _a860 | ||
| 520 | _aIntroduction, Risk and Insurance, Risk Analysis, Insurers, Law and Insurance, Insurance and the Law, Insurance Contracts, The Insurance Contract and Its Analysis, The Insurance Policy, Limitations on Amount of Recovery, Loss-Adjustment Provisions, The Fields of Insurance, Multiple-Line Coverages, Social Insurance, Health Insurance, Life Insurance and Annuities, Buying Insurance, Company Organization and Operation, Underwriting the Insurance, Pricing the Insurance, Financial Structure, Paying the Claim, The Insurance Industry, Insurance and Society, Index. | ||
| 700 | 1 |
_aCammack Emerson _95068 |
|
| 700 | 1 |
_aMehr Robert I _95069 |
|
| 942 | _cBK | ||
| 999 |
_c4121 _d4121 |
||